000 00657nam a2200145Ia 4500
008 151213s9999 xx 000 0 und d
100 _aড:মুস্তফা ইসলাম।
245 _aবাংলা ভাষার প্রয়োগ:উচ্চ শিক্ষা এবং ব্যবহারিক জীবনে বাংলা ভাষার প্রয়োগ।
_cড:মুস্তফা ইসলাম।
260 _aঢাকা
_bবাংলা একাডেমী।
_c1976
300 _a4494 p.
650 _aBangla
650 _aCritics
700 _aড:মুস্তফা ইসলাম।
999 _c2869
_d2869